Election présidentielle 1988 - Statistiques

Statistiques générales
  • Ce quiz a été pris 20 fois
  • Le résultat moyen est 5 sur 9
Statistiques - réponses
1er tour (en %) 1er tour (en %) Parti politique Candidat % Correct
34,10 54,02 Parti socialiste (PS) François Mitterrand
100%
19,94 45,98 Rassemblement pour la République (RDR) Jacques Chirac
100%
14,39 X Front national (FN) Jean-Marie Le Pen
100%
1,99 X Lutte ouvrière (LO) Arlette Laguiller
74%
16,55 X Union pour la démocratie française (UDF) Raymond Barre
63%
6,76 X Parti communiste français (PCF) André Lajoinie
32%
3,78 X Les Verts (LV) Antoine Waechter
26%
0,38 X Mouvement pour un parti des travailleurs (MPPT) Pierre Boussel
16%
2,10 X NGSEA Pierre Juquin
16%
Aucun quiz correspondant
Distribution des résultats
% des personnes avec chaque résultat
Percentile par nombre de réponses
Votre historique - résultats
Vous n’avez pas pris ce quiz